000 00484nam a2200193 a 4500
001 1757999702905
003 ACL
005 20250916105538.0
008 250916s1995##################000#0#eng##
020 _a9780691025346
082 0 4 _a791.43658
_bROS
100 1 _aRosenstone, Robert A.,
_eauthor.
245 1 0 _aRevisioning History :
260 _bPrinceton University Press,
_c1995.
300 _a268 pages
650 0 _aHistory.
942 _cENGLISH
040 _aACL
_beng
_cACL
999 _c587294
_d587294